Autonomia Constitucional Pequenos Ensaios sobre Prorrogativas das Autonomias Portuguesas /

Bibliographic Details
Main Author: Ourique, Arnaldo
Format: eBook
Language:Portuguese
Published: Barcelona : Editorial vLex, 2012
Subjects:
Online Access:Acceso restringido

MARC

LEADER 00000nam a22000007a 4500
005 20120125121810.0
007 cr|||| ||||
008 120125s2012 po |||||s|||| 00||0 por d
035 |a 6144 
040 |a vLex 
090 |c 2950  |d 2950 
100 1 |a Ourique, Arnaldo 
245 1 0 |a Autonomia Constitucional  |h [Recurso electrn̤ico] :  |b Pequenos Ensaios sobre Prorrogativas das Autonomias Portuguesas /  |c Arnaldo Ourique 
256 |a Servicio en ln̕ea 
260 |a Barcelona :  |b Editorial vLex,  |c 2012 
300 |a 1 recurso electrn̤ico 
506 1 |a Contenido solo disponible en los productos indicados  |d vLex Global   |d vLex Global (Academic Edition, excluding Law Schools)   |d vLex Global (U.S. Academic Edition, Law Schools)   |d vLex Global (U.S. Academic Edition, excluding Law Schools)   |d vLex Global (Academic Edition, Law Schools)  
650 0 4 |a Derecho constitucional  |z Portugal 
650 0 4 |a Autonomia  |z Portugal 
740 0 |a vLex Libros (Servicio en ln̕ea) 
856 4 0 |u http://vlex.com/source/6144  |z Acceso restringido 
942 |c BOOK 
999 0 |a  Autonomy 
999 0 |a Constitutional law